000 00521nam a2200181 a 4500
001 55749
005 20180714051207.0
008 140415s1980 mx 000 0 spa d
041 _aspa
082 _a627
_bCAM
100 1 _aCAMARGO HERNANDEZ, GUSTAVO
245 1 0 _aELEMENTOS DE HIDRAULICA PARA INGENIEROS
250 _a1a ed.
260 _aMEXICO :
_bUACH,
_c1980
300 _a551
650 1 4 _aCANALES (INGENIERIA HIDRAULICA)
_xINGENIERIA HIDRAULICA
700 1 _aSALAZAR SALDAƑA, DANIEL
_ecoaut.
999 _c55749
_d55749